00523nam a22001817a 450000500170000001000140001702000260003103500130005703700130007008200120008310000190009524500510011426000390016527000590020430000240026350000510028770000030033820100724143926.0 aENG-96478 a9788179102183c700.00 aEN-80011 bDBAD/PUB a700.934 aBhandari, N.K. aCultural heritage of India /cby N.K. Bhandari aJaipurbAavishkar Publishersc2007 a807.Vyas Building, Chaura Rasta,JaipurbJaipure302003 avi,232p.c23cm (Hb) aIncludes bibliographical references and index